000 00414nam a2200157 i 4500
001 bg
100 1 _aBIELAWSKI, Stanisław
245 0 _aTeoria napędu elektrycznego /
_cStanisław Bielawski.
260 _aWarszawa :
_bWydawnictwa Naukowo-Techniczne,
_c1978.
650 9 _aNapęd elektryczny
040 _cBPK
041 _apol
080 _a621.313
942 _cKS
008 s pl f |000 0 pol
999 _c9847
_d9847
856 _uhttp://koha.tu.koszalin.pl/cgi-bin/koha/opac-detail.pl?biblionumber=9847
_yKatalog online BPK